Statistics for Harry Potter Wands by Picture #1

Click here to take the quiz!

General Stats

  • This quiz has been taken 67 times
  • The average score is 9 of 16

Answer Stats

Answer% Correct
Lucius Malfoy
88%
Rubeus Hagrid
88%
Albus Dumbledore
78%
Harry Potter
73%
Tom Marvolo Riddle
73%
Bellatrix Lestrange
71%
Hermione Granger
61%
Ron Weasley
56%
Draco Malfoy
46%
Luna Lovegood
46%
Severus Snape
46%
Minerva McGonagall
44%
Sirius Black
39%
Remus Lupin
34%
Ginny Weasley
29%
Viktor Krum
29%

Score Distribution

Percentile by Number Answered

Percent of People with Each Score

Your Score History

You have not taken this quiz